000 00966nam a2200241 i 4500
001 15172
003 ES-MaACL
005 20230906151016.0
007 t|
008 000112s1999 sp ||||1| spa d
020 _a84-87136-95-8
080 _a347.961.43(460.288)"15/16"
100 1 _aGarcía Moratalla, Pedro Joaquín.
_954992
245 1 4 _aLos protocolos notariales de la villa de Albacete a finales del siglo XVI y comienzos del XVII (1588/1628)
_b: estudio documental /
_cPedro Joaquín García Moratalla.
260 _aAlbacete :
_bInstituto de Estudios Albacetenses "Don Juan Manuel",
_c1999.
300 _a380 p. ;
_c22 cm.
490 1 _aSerie 0--Corpus, documenta y bibliografía ;
_v9
650 1 4 _aProtocolos notariales-
_zAlbacete-
_y1588-1628.
_916524
710 2 _aInstituto de Estudios Albacetenses.
_94884
830 0 _aSerie 0--Corpus, documenta y bibliografía ;
_v9
_9179464
852 _aES-MaACL
_jL-22349
_bR.127656
999 _c15172
_d15172